01111nam a2200265Ia 4500003000900000008004100009020001800050040001600068080002100084111008200105245023800187260004200425300001600467490002600483500002600509650004100535650001900576650002400595700003500619700003400654710003800688942000700726999001500733952009700748IN-BaIIA211028s9999 xx 000 0 eng d a90-277-1385-5 cIIA Library a082.2:52bIAU-97 aInternational Astronomical Union Symposiumn97thcU S Ad1981 Aug. 3-7912968 0aExtragalactic radio sourcesbproceedings of the International Astronomical Union Symposium No.97 held at Albuquerque U S A August 3-7, 1981cedited by David S. Heeschen and Campbell M. Wade  aDordrechtbD. Reidel Publishingc1992 axvii, 490p. aIAU Symposium; no. 97 aDonated by Mrs. Bappu aAstronomy and Astrophysics Thesaurus aGalaxies91286 aRadio Sources93666 aHeeschen, David S., ed.912969 aWade, Campbell M., ed.912970 aInternational Astronomical Union  cBK c7666d7666 00104070aBANbBANcGENd1983-07-26l0o082.2:52/ IAU-97p8480r2021-11-05w1983-07-26yBK